000 00688nam a2200241Ia 4500
005 20260430150447.0
008 008 250103s9999 xx 000 0 eng d
037 _aTheses
040 _aCRL
040 _beng
040 _ceng
041 _2eng
041 _aeng
084 _qCRL
100 _aSumit Kumar Au.; Singh Indrakant Kumar Gu.
_91237569
245 0 _aTranscriptomic and Proteomic Analysis of Midgut and Malpighian Tubules of Spodoptera Litura Larvae Fed on Maize Leaves
260 _c2022
300 _a224p.
650 _aZoology
700 _aUniversity of Delhi. Faculty of Science. Deptt. of Zoology
_91237570
942 _cTH
999 _c1849833
_d1849833